Terbuang jauh
| Main Author: | |
|---|---|
| Format: | Book |
| Published: |
Kuala Lumpur :
DBP ,
1991
|
| Subjects: |
MARC
| LEADER | 00000cam a2200000 7i4500 | ||
|---|---|---|---|
| 001 | 0000006347 | ||
| 002 | 000006854 | ||
| 005 | 20000330.0 | ||
| 020 | |a 9836223045 | ||
| 090 | 0 | 0 | |a F |b TAL |
| 100 | 0 | |a Talib Samat | |
| 245 | 1 | 0 | |a Terbuang jauh |c Talib Samat |
| 260 | |a Kuala Lumpur : |b DBP , |c 1991 | ||
| 300 | |a 345p. ; |c 19cm. | ||
| 650 | 0 | 0 | |a Short stories, Malay |
| 999 | |a 039417 |b BUKU |c PINJAMAN |e PERPUSTAKAAN KOMUNITI PETALING JAYA | ||
| 999 | |a 039418 |b BUKU |c PINJAMAN |e PERPUSTAKAAN KOMUNITI PETALING JAYA | ||